00643nam a22001937a 45000010008000000030009000080050017000170070008000340080040000420400022000821000027001042450130001312600043002613000026003044900023003307000037003537000036003908300023004260011925DO-SdBNP20180216105138.00011925161207b 1992 cu||||| |||| 00| 0 spa d aBPMSUbspacBPMSU1 aVian Altarriba, Ivette1 aCurundán y Busula /cIvette Vian Altarriba ; edición Dolores Blanco Arrastía ; ilustraciones Manuel Tomás González aLa Habana, Cuba :bGente Nueva,c1992. a79 p. :bil.,c24 cm.1 aBiblioteca escolar1 aBlanco Arrastía, Dolores,eed.1 aGonzález, Manuel Tomáseil. 0aBiblioteca escolar